[Event "GER-ch Youth U18 2019"]
[Site "Willingen"]
[Date "2019.06.13"]
[Round "7.13"]
[White "Wong, Gengchun"]
[Black "Knoedler, Marcel"]
[Result "1-0"]
[WhiteElo "2144"]
[BlackElo "1633"]
[Annotator "NA"]
[PlyCount "51"]
[EventDate "2019.06.07"]
[EventType "swiss"]
[EventRounds "9"]
[EventCountry "GER"]
[SourceTitle "playchess.com"]
[Source "ChessBase"]
[SourceQuality "1"]
[TimeControl "40/5400+30:1800+30"]

1. e4 {[%emt 0:00:00]} e5 {[%emt 0:00:00]} 2. Nf3 {[%emt 0:00:00]} Nc6 3. Bb5 {[%emt 0:00:00]} a6 {[%emt 0:00:29]} 4. Ba4 {[%emt 0:03:23]} Nf6 {[%emt 0:08:10]} 5. d3 {[%emt 0:01:25]} d6 {[%emt 0:01:54]} 6. c3 Be7 {[%emt 0:04:32]} 7. O-O {[%emt 0:00:49]} O-O 8. Re1 b5 {[%emt 0:06:06]} 9. Bb3 {[%emt 0:03:55]} Be6 10. Bxe6 {[%emt 0:07:42]} fxe6 {[%emt 0:10:11]} 11. a4 {[%emt 0:03:34]} Qd7 {[%emt 0:06:01]} 12. Nbd2 {[%emt 0:13:53]} Rfb8 {[%emt 0:18:47]} 13. Nf1 b4 14. Bd2 {[%emt 0:04:41]} bxc3 {[%emt 0:04:30]} 15. Bxc3 {[%emt 0:00:48]} Nb4 {[%emt 0:02:13]} 16. d4 {[%emt 0:03:03]} exd4 {[%emt 0:01:04]} 17. Bxd4 {[%emt 0:00:10]} c5 {[%emt 0:03:29]} 18. Bxf6 {[%emt 0:04:52]} gxf6 {[%emt 0:08:17]} 19. Ra3 Nc6 20. Nh4 {[%emt 0:25:15]} Ne5 {[%emt 0:03:17]} 21. f4 {[%emt 0:05:59]} Ng6 22. Rg3 Kf7 {[%emt 0:03:47]} 23. Qh5 {[%emt 0:01:58]} Rg8 {[%emt 0:02:22]} 24. f5 exf5 25. exf5 {[%emt 0:00:48]} Qxa4 {[%emt 0:02:09]} 26. Qxh7+ {[%emt 0:03:14] normal} 1-0

[Event "GER-ch Youth U18 2019"]
[Site "Willingen"]
[Date "2019.06.13"]
[Round "7.14"]
[White "Rockmann, Jan-Okke"]
[Black "Sureshkumar, Atchuthan"]
[Result "1-0"]
[WhiteElo "1816"]
[BlackElo "1502"]
[Annotator "NA"]
[PlyCount "45"]
[EventDate "2019.06.07"]
[EventType "swiss"]
[EventRounds "9"]
[EventCountry "GER"]
[SourceTitle "playchess.com"]
[Source "ChessBase"]
[SourceQuality "1"]
[TimeControl "40/5400+30:1800+30"]

1. e4 {[%emt 0:00:00]} c5 {[%emt 0:00:00]} 2. Nf3 {[%emt 0:00:00]} d6 {[%emt 0:00:00]} 3. d4 {[%emt 0:00:00]} cxd4 {[%emt 0:00:15]} 4. Nxd4 {[%emt 0:00:00]} Nf6 {[%emt 0:00:47]} 5. Nc3 {[%emt 0:00:00]} g6 {[%emt 0:01:32]} 6. Be3 {[%emt 0:00:12]} Bg7 {[%emt 0:03:16]} 7. Bc4 {[%emt 0:00:57]} O-O {[%emt 0:02:47]} 8. f3 {[%emt 0:01:16]} Nc6 {[%emt 0:02:48]} 9. Qd2 {[%emt 0:01:08]} Qc7 {[%emt 0:01:22]} 10. Bb3 {[%emt 0:00:34]} Na5 {[%emt 0:03:15]} 11. g4 {[%emt 0:01:00]} Nxb3 {[%emt 0:03:37]} 12. axb3 {[%emt 0:01:23]} Bd7 {[%emt 0:05:57]} 13. Bh6 {[%emt 0:05:49]} a6 {[%emt 0:14:50]} 14. h4 {[%emt 0:00:56]} e6 {[%emt 0:01:50]} 15. h5 {[%emt 0:02:38]} d5 {[%emt 0:16:54]} 16. hxg6 {[%emt 0:01:28]} fxg6 {[%emt 0:00:15]} 17. Bxg7 {[%emt 0:00:10]} Kxg7 {[%emt 0:01:17]} 18. Qh6+ {[%emt 0:02:01]} Kf7 {[%emt 0:05:06]} 19. O-O-O {[%emt 0:04:44]} Rh8 {[%emt 0:03:44]} 20. Qg5 {[%emt 0:00:36]} dxe4 {[%emt 0:10:55]} 21. fxe4 {[%emt 0:03:11]} Kg7 {[%emt 0:01:28]} 22. e5 {[%emt 0:00:16]} Ne8 23. Qe7+ {normal} 1-0

[Event "GER-ch Youth U18 2019"]
[Site "Willingen"]
[Date "2019.06.14"]
[Round "8.1"]
[White "Engel, Luis"]
[Black "Roseneck, Jonas"]
[Result "1-0"]
[WhiteElo "2512"]
[BlackElo "2403"]
[Annotator "ChessBase"]
[PlyCount "74"]
[EventDate "2019.06.07"]
[EventType "swiss"]
[EventRounds "9"]
[EventCountry "GER"]
[SourceTitle "playchess.com"]
[Source "ChessBase"]
[SourceQuality "1"]
[TimeControl "40/5400+30:1800+30"]

1. e4 {[%emt 0:00:00]} c5 {[%emt 0:00:00]} 2. Nf3 {[%emt 0:00:00]} d6 {[%emt 0:00:00]} 3. d4 {[%emt 0:00:00]} cxd4 {[%emt 0:00:00]} 4. Nxd4 {[%emt 0:00:00]} Nf6 {[%emt 0:00:00]} 5. Nc3 {[%emt 0:00:00]} a6 {[%emt 0:00:00]} 6. g3 {[%emt 0:00:00]} e5 {[%emt 0:00:00]} 7. Nde2 {[%emt 0:00:03]} Be7 {[%emt 0:00:08]} 8. a4 {[%emt 0:00:06]} O-O {[%emt 0:04:44]} 9. Bg2 {[%emt 0:00:08]} Nc6 {[%emt 0:06:06]} 10. O-O {[%emt 0:00:13]} Nb4 {[%emt 0:02:40]} 11. b3 {[%emt 0:00:47]} Be6 {[%emt 0:08:41]} 12. Ba3 {[%emt 0:00:48]} a5 {[%emt 0:01:41]} 13. Nb5 {[%emt 0:10:54]} d5 {[%emt 0:03:57]} 14. c3 {[%emt 0:01:44]} Nc6 {[%emt 0:00:51]} 15. Bxe7 {[%emt 0:00:32]} Nxe7 {[%emt 0:00:48]} 16. exd5 {[%emt 0:00:31]} Bxd5 {[%emt 0:01:21]} 17. c4 {[%emt 0:00:51]} Bxg2 {[%emt 0:05:00]} 18. Kxg2 {[%emt 0:00:07]} Qb6 {[%emt 0:17:12]} 19. Nec3 {[%emt 0:10:31]} Rad8 {[%emt 0:07:25]} 20. Qe2 {[%emt 0:02:58]} Nc6 {[%emt 0:07:10]} 21. Rad1 {[%emt 0:03:29]} Qc5 {[%emt 0:11:24]} 22. Qf3 {[%emt 0:07:01]} h6 {[%emt 0:05:00]} 23. Nd5 {[%emt 0:07:34]} Nxd5 {[%emt 0:00:33]} 24. Rxd5 {[%emt 0:00:06]} Rxd5 {[%emt 0:01:39]} 25. Qxd5 {[%emt 0:00:10]} Qb4 {[%emt 0:00:55]} 26. c5 {[%emt 0:01:37]} Nd4 {[%emt 0:03:30]} 27. Nd6 {[%emt 0:05:43]} Qxb3 {[%emt 0:09:56]} 28. Qxb3 {[%emt 0:00:06]} Nxb3 {[%emt 0:00:01]} 29. Nxb7 {[%emt 0:00:09]} Rb8 {[%emt 0:00:38]} 30. c6 {[%emt 0:00:25]} Nd4 {[%emt 0:01:35]} 31. Nxa5 {[%emt 0:02:52]} Ra8 {[%emt 0:00:47]} 32. Rc1 {[%emt 0:00:25]} Ne6 {[%emt 0:00:28]} 33. Nb7 {[%emt 0:03:38]} Kf8 {[%emt 0:01:11]} 34. c7 {[%emt 0:02:44]} Rc8 {[%emt 0:00:05]} 35. Nc5 {[%emt 0:00:07]} Ke7 {[%emt 0:01:09]} 36. Nxe6 {[%emt 0:00:07]} Kxe6 {[%emt 0:00:01]} 37. Kf3 {[%emt 0:00:28]} f5 {[%emt 0:00:30] normal} 1-0

[Event "GER-ch Youth U18 2019"]
[Site "Willingen"]
[Date "2019.06.14"]
[Round "8.2"]
[White "Buckels, Valentin"]
[Black "Parvanyan, Ashot"]
[Result "0-1"]
[WhiteElo "2443"]
[BlackElo "2421"]
[Annotator "NA"]
[PlyCount "107"]
[EventDate "2019.06.07"]
[EventType "swiss"]
[EventRounds "9"]
[EventCountry "GER"]
[SourceTitle "playchess.com"]
[Source "ChessBase"]
[SourceQuality "1"]
[TimeControl "40/5400+30:1800+30"]

1. d4 {[%emt 0:00:00]} Nf6 {[%emt 0:00:00]} 2. Bg5 {[%emt 0:00:00]} d5 {[%emt 0:01:00]} 3. e3 {[%emt 0:00:20]} c5 {[%emt 0:03:10]} 4. Nf3 {[%emt 0:14:22]} Qb6 {[%emt 0:02:26]} 5. Qc1 {[%emt 0:15:10]} Nc6 {[%emt 0:02:27]} 6. c3 {[%emt 0:00:22]} Bf5 {[%emt 0:03:17]} 7. Nbd2 {[%emt 0:00:59]} cxd4 {[%emt 0:14:45]} 8. exd4 {[%emt 0:01:37]} Rc8 {[%emt 0:01:14]} 9. a4 {[%emt 0:12:01]} a6 {[%emt 0:09:36]} 10. Be2 {[%emt 0:02:17]} e6 {[%emt 0:15:56]} 11. O-O {[%emt 0:02:28]} Bd6 {[%emt 0:00:17]} 12. b3 {[%emt 0:02:04]} h6 {[%emt 0:09:02]} 13. Be3 {[%emt 0:04:59]} Ng4 {[%emt 0:01:57]} 14. c4 {[%emt 0:04:27]} Qc7 {[%emt 0:02:35]} 15. h3 {[%emt 0:02:44]} Nxe3 {[%emt 0:00:14]} 16. fxe3 {[%emt 0:00:02]} Qe7 {[%emt 0:01:52]} 17. Qc3 {[%emt 0:06:31]} Bb4 {[%emt 0:05:12]} 18. Qb2 {[%emt 0:00:40]} O-O {[%emt 0:01:14]} 19. Rf2 {[%emt 0:05:31]} Bh7 {[%emt 0:01:46]} 20. Rd1 {[%emt 0:01:45]} Bd6 {[%emt 0:01:02]} 21. Nf1 {[%emt 0:01:22]} Nb4 {[%emt 0:05:33]} 22. Qd2 {[%emt 0:02:46]} a5 {[%emt 0:01:29]} 23. Ne1 {[%emt 0:01:09]} b6 {[%emt 0:00:59]} 24. Rc1 {[%emt 0:02:39]} e5 {[%emt 0:12:17]} 25. dxe5 {[%emt 0:04:15]} Qxe5 {[%emt 0:00:24]} 26. Nf3 {[%emt 0:00:35]} Qe7 {[%emt 0:00:41]} 27. Nd4 {[%emt 0:01:02]} Bc5 {[%emt 0:00:41]} 28. cxd5 {[%emt 0:01:27]} Nxd5 {[%emt 0:00:09]} 29. Bc4 {[%emt 0:05:55]} Nf6 {[%emt 0:00:21]} 30. Bd3 {[%emt 0:02:24]} Ne4 {[%emt 0:01:47]} 31. Bxe4 {[%emt 0:00:04]} Bxe4 {[%emt 0:00:10]} 32. Ng3 {[%emt 0:00:23]} Bg6 {[%emt 0:01:11]} 33. Ngf5 {[%emt 0:00:46]} Qe5 {[%emt 0:00:21]} 34. Rcf1 {[%emt 0:00:36]} Rfe8 {[%emt 0:00:55]} 35. Kh1 {[%emt 0:00:47]} Qe4 {[%emt 0:00:57]} 36. Rf4 {[%emt 0:01:13]} Qd5 {[%emt 0:00:29]} 37. Qd1 {[%emt 0:01:02]} Re5 {[%emt 0:00:29]} 38. Nh4 {[%emt 0:01:24]} Bh5 {[%emt 0:00:30]} 39. Nhf3 {[%emt 0:00:40]} Rxe3 {[%emt 0:00:25]} 40. Rf5 {[%emt 0:00:38]} Bxf3 {[%emt 0:00:35]} 41. Rxd5 {[%emt 0:03:10]} Bxd1 {[%emt 0:03:08]} 42. Rxd1 {[%emt 0:00:13]} Rce8 {[%emt 0:02:42]} 43. Nc6 {[%emt 0:00:51]} Re1+ {[%emt 0:12:55]} 44. Kh2 {[%emt 0:00:26]} Bg1+ {[%emt 0:00:22]} 45. Kh1 {[%emt 0:00:07]} Bf2+ {[%emt 0:00:57]} 46. Kh2 {[%emt 0:00:11]} R8e3 {[%emt 0:01:41]} 47. g4 {[%emt 0:00:29]} Bg3+ {[%emt 0:00:24]} 48. Kg2 {[%emt 0:00:02]} R1e2+ {[%emt 0:00:06]} 49. Kg1 {[%emt 0:00:48]} Rb2 {[%emt 0:07:34]} 50. R5d3 {[%emt 0:04:07]} Bh2+ {[%emt 0:01:48]} 51. Kh1 {[%emt 0:00:46]} Ree2 {[%emt 0:00:30]} 52. Nd4 {[%emt 0:00:26]} Rf2 {[%emt 0:01:41]} 53. Nf3 {[%emt 0:01:50]} Bf4 {[%emt 0:00:15]} 54. Re1 {[%emt 0:00:36] normal} 0-1

[Event "GER-ch Youth U18 2019"]
[Site "Willingen"]
[Date "2019.06.14"]
[Round "8.3"]
[White "Martin, Julian"]
[Black "Schmider, Niklas"]
[Result "1/2-1/2"]
[WhiteElo "2370"]
[BlackElo "2300"]
[Annotator "NA"]
[PlyCount "63"]
[EventDate "2019.06.07"]
[EventType "swiss"]
[EventRounds "9"]
[EventCountry "GER"]
[SourceTitle "playchess.com"]
[Source "ChessBase"]
[SourceQuality "1"]
[TimeControl "40/5400+30:1800+30"]

1. e4 {[%emt 0:00:00]} e5 {[%emt 0:00:00]} 2. Nf3 {[%emt 0:00:17]} Nc6 {[%emt 0:00:06]} 3. Nc3 {[%emt 0:04:44]} Nf6 {[%emt 0:07:08]} 4. d4 {[%emt 0:00:05]} exd4 {[%emt 0:01:32]} 5. Nxd4 {[%emt 0:00:07]} Bb4 {[%emt 0:02:20]} 6. Nxc6 {[%emt 0:00:15]} bxc6 {[%emt 0:00:15]} 7. Bd3 {[%emt 0:00:05]} d5 {[%emt 0:02:05]} 8. exd5 {[%emt 0:00:05]} cxd5 {[%emt 0:00:40]} 9. O-O {[%emt 0:00:06]} O-O {[%emt 0:01:53]} 10. Bg5 {[%emt 0:00:02]} c6 {[%emt 0:01:07]} 11. h3 {[%emt 0:00:07]} h6 {[%emt 0:01:05]} 12. Bh4 {[%emt 0:00:20]} Be7 {[%emt 0:02:14]} 13. Qf3 {[%emt 0:02:13]} Be6 {[%emt 0:02:14]} 14. Ne2 {[%emt 0:04:51]} Nd7 {[%emt 0:07:31]} 15. Bxe7 {[%emt 0:07:06]} Qxe7 {[%emt 0:00:12]} 16. Qg3 {[%emt 0:05:56]} Rab8 {[%emt 0:06:21]} 17. b3 {[%emt 0:10:30]} Nc5 {[%emt 0:21:22]} 18. Rae1 {[%emt 0:07:10]} Qf6 {[%emt 0:02:39]} 19. Nf4 {[%emt 0:04:01]} Rbe8 {[%emt 0:06:20]} 20. Nxe6 {[%emt 0:22:08]} Rxe6 {[%emt 0:00:29]} 21. Qc7 {[%emt 0:01:59]} Rxe1 {[%emt 0:08:10]} 22. Rxe1 {[%emt 0:00:09]} Nxd3 {[%emt 0:00:06]} 23. cxd3 {[%emt 0:00:04]} Qc3 {[%emt 0:00:06]} 24. Qe7 {[%emt 0:02:13]} Qxd3 {[%emt 0:03:46]} 25. Qxa7 {[%emt 0:00:07]} Qd2 {[%emt 0:01:24]} 26. Re7 {[%emt 0:02:33]} d4 {[%emt 0:01:20]} 27. g3 {[%emt 0:11:04]} Qc1+ {[%emt 0:07:15]} 28. Kg2 {[%emt 0:00:20]} c5 {[%emt 0:01:42]} 29. Rc7 {[%emt 0:02:29]} Qc2 {[%emt 0:02:47]} 30. Qxc5 {[%emt 0:01:16]} Qxa2 {[%emt 0:00:15]} 31. Qc4 {[%emt 0:01:48]} Qa8+ {[%emt 0:01:03]} 32. Qc6 {[%emt 0:04:36] normal} 1/2-1/2

[Event "GER-ch Youth U18 2019"]
[Site "Willingen"]
[Date "2019.06.14"]
[Round "8.4"]
[White "Muckle, Julius"]
[Black "Vuckovic, Zarko"]
[Result "0-1"]
[WhiteElo "2370"]
[BlackElo "2132"]
[Annotator "NA"]
[PlyCount "154"]
[EventDate "2019.06.07"]
[EventType "swiss"]
[EventRounds "9"]
[EventCountry "GER"]
[SourceTitle "playchess.com"]
[Source "ChessBase"]
[SourceQuality "1"]
[TimeControl "40/5400+30:1800+30"]

1. d4 {[%emt 0:00:00]} Nf6 {[%emt 0:00:00]} 2. c4 {[%emt 0:00:00]} e6 {[%emt 0:00:00]} 3. Nc3 {[%emt 0:00:00]} Bb4 {[%emt 0:00:00]} 4. e3 {[%emt 0:00:00]} b6 {[%emt 0:00:00]} 5. Bd3 {[%emt 0:00:00]} Bb7 {[%emt 0:00:00]} 6. Nf3 {[%emt 0:00:00]} Ne4 {[%emt 0:00:15]} 7. Qc2 {[%emt 0:00:15]} f5 {[%emt 0:00:17]} 8. O-O {[%emt 0:00:05]} Nxc3 {[%emt 0:00:05]} 9. bxc3 {[%emt 0:00:08]} Bxf3 {[%emt 0:00:06]} 10. gxf3 {[%emt 0:00:24]} Bd6 {[%emt 0:00:08]} 11. f4 {[%emt 0:05:47]} Qh4 {[%emt 0:03:25]} 12. f3 {[%emt 0:02:33]} Nc6 {[%emt 0:04:10]} 13. Qf2 {[%emt 0:04:35]} Qxf2+ {[%emt 0:00:01]} 14. Kxf2 {[%emt 0:00:08]} Na5 {[%emt 0:07:22]} 15. e4 {[%emt 0:02:17]} O-O {[%emt 0:02:16]} 16. exf5 {[%emt 0:16:07]} exf5 {[%emt 0:00:24]} 17. Be3 {[%emt 0:00:19]} g6 {[%emt 0:01:52]} 18. c5 {[%emt 0:00:18]} Be7 {[%emt 0:00:16]} 19. Rab1 {[%emt 0:14:23]} Rfe8 {[%emt 0:09:58]} 20. Rfd1 {[%emt 0:19:14]} Bf6 {[%emt 0:05:20]} 21. cxb6 {[%emt 0:15:50]} axb6 {[%emt 0:01:02]} 22. Rb2 {[%emt 0:10:55]} Re7 {[%emt 0:04:37]} 23. Bc1 {[%emt 0:03:02]} d5 {[%emt 0:05:02]} 24. Rb5 {[%emt 0:01:01]} Rd7 {[%emt 0:00:57]} 25. Kg3 {[%emt 0:01:38]} Kf7 {[%emt 0:05:26]} 26. Re1 {[%emt 0:00:38]} Nb7 {[%emt 0:02:37]} 27. Rb2 {[%emt 0:00:27]} Re7 {[%emt 0:01:28]} 28. Rxe7+ {[%emt 0:00:35]} Kxe7 {[%emt 0:00:08]} 29. Re2+ {[%emt 0:01:25]} Kd7 {[%emt 0:01:37]} 30. h4 {[%emt 0:01:50]} Nd6 {[%emt 0:00:54]} 31. Be3 {[%emt 0:00:55]} Nc4 {[%emt 0:02:48]} 32. Bc1 {[%emt 0:00:35]} Nd6 {[%emt 0:03:38]} 33. Be3 {[%emt 0:00:23]} Re8 {[%emt 0:00:32]} 34. Bf2 {[%emt 0:00:39]} Rxe2 {[%emt 0:01:39]} 35. Bxe2 {[%emt 0:00:01]} Ne8 {[%emt 0:00:54]} 36. Bd3 {[%emt 0:00:36]} Ng7 {[%emt 0:00:25]} 37. Be3 {[%emt 0:00:00]} Nh5+ {[%emt 0:01:00]} 38. Kh3 {[%emt 0:00:02]} Be7 {[%emt 0:00:19]} 39. c4 {[%emt 0:00:37]} Bd6 {[%emt 0:01:02]} 40. cxd5 {[%emt 0:01:01]} Bxf4 {[%emt 0:00:09]} 41. Bg1 {[%emt 0:05:12]} Kd6 {[%emt 0:01:09]} 42. Bc4 {[%emt 0:03:30]} Nf6 {[%emt 0:00:32]} 43. Bf2 {[%emt 0:03:27]} Nxd5 {[%emt 0:00:55]} 44. Kg2 {[%emt 0:00:10]} c6 {[%emt 0:07:09]} 45. a4 {[%emt 0:00:10]} Ke6 {[%emt 0:05:32]} 46. Kf1 {[%emt 0:01:21]} Kf6 {[%emt 0:01:10]} 47. Ba6 {[%emt 0:01:50]} Be3 {[%emt 0:01:29]} 48. Be1 {[%emt 0:03:39]} Bxd4 {[%emt 0:00:43]} 49. Bb7 {[%emt 0:00:09]} Ne7 {[%emt 0:00:10]} 50. Bb4 {[%emt 0:00:13]} c5 51. Bd2 Ke6 {[%emt 0:01:14]} 52. Ke2 {[%emt 0:00:47]} Bf6 {[%emt 0:00:32]} 53. Be1 {[%emt 0:01:38]} f4 {[%emt 0:05:40]} 54. Kd3 {[%emt 0:01:33]} Nf5 {[%emt 0:01:22]} 55. Bc8+ {[%emt 0:03:32]} Kd5 {[%emt 0:00:45]} 56. Bb7+ {[%emt 0:01:40]} Ke5 {[%emt 0:01:58]} 57. Bc3+ {[%emt 0:02:11]} Ke6 {[%emt 0:00:10]} 58. Bc8+ {[%emt 0:00:27]} Ke7 {[%emt 0:00:27]} 59. Bxf5 {[%emt 0:00:25]} Bxc3 {[%emt 0:00:22]} 60. Be4 {[%emt 0:07:07]} Be1 {[%emt 0:00:44]} 61. h5 {[%emt 0:00:10]} gxh5 {[%emt 0:00:11]} 62. Bxh7 {[%emt 0:00:02]} Kf6 {[%emt 0:00:17]} 63. Ke4 {[%emt 0:02:18]} Bd2 {[%emt 0:00:23]} 64. Bg8 {[%emt 0:01:09]} h4 {[%emt 0:00:54]} 65. Bc4 {[%emt 0:00:33]} h3 {[%emt 0:00:07]} 66. Bf1 {[%emt 0:00:00]} h2 {[%emt 0:00:07]} 67. Bg2 {[%emt 0:00:03]} Kg5 {[%emt 0:00:15]} 68. Kd3 {[%emt 0:00:00]} Kh4 {[%emt 0:00:20]} 69. Kxd2 {[%emt 0:01:53]} Kg3 {[%emt 0:00:07]} 70. Bh1 {[%emt 0:00:32]} Kf2 {[%emt 0:00:06]} 71. Kd1 {[%emt 0:00:33]} Kg1 72. Ke1 Kxh1 {[%emt 0:00:16]} 73. Kf1 {[%emt 0:00:59]} c4 {[%emt 0:00:06]} 74. Kf2 {[%emt 0:00:32]} c3 {[%emt 0:00:06]} 75. a5 {[%emt 0:00:02]} bxa5 {[%emt 0:00:15]} 76. Kf1 {[%emt 0:00:04]} c2 {[%emt 0:00:12]} 77. Kf2 {[%emt 0:00:01]} c1=Q {[%emt 0:00:19] normal} 0-1

[Event "GER-ch Youth U18 2019"]
[Site "Willingen"]
[Date "2019.06.14"]
[Round "8.5"]
[White "Riess, Alexander"]
[Black "Kuznecovs, Nikita"]
[Result "1/2-1/2"]
[WhiteElo "2305"]
[BlackElo "2317"]
[Annotator "NA"]
[PlyCount "61"]
[EventDate "2019.06.07"]
[EventType "swiss"]
[EventRounds "9"]
[EventCountry "GER"]
[SourceTitle "playchess.com"]
[Source "ChessBase"]
[SourceQuality "1"]
[TimeControl "40/5400+30:1800+30"]

1. d4 {[%emt 0:00:00]} Nf6 {[%emt 0:00:00]} 2. c4 {[%emt 0:00:00]} e6 {[%emt 0:00:00]} 3. Nf3 {[%emt 0:00:00]} d5 {[%emt 0:00:00]} 4. Nc3 {[%emt 0:00:01]} Bb4 {[%emt 0:00:00]} 5. Qa4+ {[%emt 0:04:15]} Nc6 {[%emt 0:00:08]} 6. e3 {[%emt 0:00:15]} O-O {[%emt 0:06:45]} 7. Bd2 {[%emt 0:02:23]} Bd7 {[%emt 0:18:37]} 8. Qc2 {[%emt 0:00:30]} Re8 {[%emt 0:00:06]} 9. a3 {[%emt 0:03:24]} Bd6 {[%emt 0:01:36]} 10. Rd1 {[%emt 0:05:34]} a6 {[%emt 0:00:55]} 11. h3 {[%emt 0:04:00]} dxc4 {[%emt 0:00:48]} 12. Bxc4 {[%emt 0:00:32]} b5 {[%emt 0:00:06]} 13. Bd3 {[%emt 0:06:57]} b4 {[%emt 0:31:42]} 14. Ne4 {[%emt 0:03:41]} bxa3 {[%emt 0:00:06]} 15. bxa3 {[%emt 0:05:47]} Ne7 {[%emt 0:16:10]} 16. Nxf6+ {[%emt 0:17:47]} gxf6 {[%emt 0:00:08]} 17. Bxh7+ {[%emt 0:01:24]} Kh8 {[%emt 0:00:08]} 18. Be4 {[%emt 0:06:16]} Rg8 {[%emt 0:01:03]} 19. O-O {[%emt 0:03:48]} f5 {[%emt 0:03:49]} 20. Bd3 {[%emt 0:07:03]} Ng6 {[%emt 0:06:35]} 21. Bb4 {[%emt 0:07:18]} Nh4 22. Nxh4 {[%emt 0:00:21]} Qxh4 {[%emt 0:02:45]} 23. Bxd6 {[%emt 0:00:34]} cxd6 {[%emt 0:00:06]} 24. Kh2 {[%emt 0:00:29]} Rac8 {[%emt 0:07:27]} 25. Qe2 {[%emt 0:01:33]} f4 {[%emt 0:01:27]} 26. exf4 {[%emt 0:01:53]} e5 {[%emt 0:00:04]} 27. Qf3 {[%emt 0:04:57]} exf4 {[%emt 0:01:44]} 28. Rc1 {[%emt 0:00:59]} Rxg2+ {[%emt 0:00:41]} 29. Kxg2 {[%emt 0:01:43]} Rg8+ {[%emt 0:00:01]} 30. Kh2 {[%emt 0:01:58]} Bg4 {[%emt 0:00:03]} 31. Qd1 {normal} 1/2-1/2

[Event "GER-ch Youth U18 2019"]
[Site "Willingen"]
[Date "2019.06.14"]
[Round "8.7"]
[White "Muetsch, Annmarie"]
[Black "Faerber, David"]
[Result "1/2-1/2"]
[WhiteElo "2266"]
[BlackElo "2293"]
[Annotator "NA"]
[PlyCount "41"]
[EventDate "2019.06.07"]
[EventType "swiss"]
[EventRounds "9"]
[EventCountry "GER"]
[SourceTitle "playchess.com"]
[Source "ChessBase"]
[SourceQuality "1"]
[TimeControl "40/5400+30:1800+30"]

1. e4 {[%emt 0:00:00]} e6 {[%emt 0:00:41]} 2. d4 {[%emt 0:00:37]} d5 {[%emt 0:00:41]} 3. Nd2 {[%emt 0:00:59]} Nf6 {[%emt 0:00:32]} 4. e5 {[%emt 0:00:24]} Nfd7 {[%emt 0:00:35]} 5. Bd3 {[%emt 0:01:38]} c5 {[%emt 0:00:32]} 6. c3 {[%emt 0:00:07]} Nc6 {[%emt 0:00:46]} 7. Ne2 {[%emt 0:00:55]} cxd4 {[%emt 0:02:22]} 8. cxd4 {[%emt 0:00:11]} f6 {[%emt 0:00:39]} 9. exf6 {[%emt 0:00:09]} Nxf6 {[%emt 0:00:30]} 10. Nf3 {[%emt 0:00:47]} Bd6 {[%emt 0:01:08]} 11. O-O {[%emt 0:01:40]} Qc7 {[%emt 0:03:50]} 12. Bg5 {[%emt 0:05:16]} O-O {[%emt 0:04:25]} 13. Bh4 {[%emt 0:03:20]} Nh5 {[%emt 0:02:29]} 14. Qc2 {[%emt 0:01:38]} h6 {[%emt 0:01:31]} 15. Bh7+ {[%emt 0:02:24]} Kh8 {[%emt 0:01:04]} 16. Bg6 {[%emt 0:00:25]} Rxf3 {[%emt 0:01:03]} 17. Bxh5 {[%emt 0:00:25]} Rf5 {[%emt 0:00:55]} 18. Bg6 {[%emt 0:03:55]} Bxh2+ {[%emt 0:04:27]} 19. Kh1 {[%emt 0:00:13]} Bd6 {[%emt 0:00:12]} 20. Bxf5 {[%emt 0:00:20]} exf5 {[%emt 0:00:08]} 21. Rae1 {[%emt 0:05:26] normal} 1/2-1/2

[Event "GER-ch Youth U18 2019"]
[Site "Willingen"]
[Date "2019.06.14"]
[Round "8.8"]
[White "Browning, Alex"]
[Black "Ewert, Hannes"]
[Result "1-0"]
[WhiteElo "2319"]
[BlackElo "2268"]
[Annotator "NA"]
[PlyCount "53"]
[EventDate "2019.06.07"]
[EventType "swiss"]
[EventRounds "9"]
[EventCountry "GER"]
[SourceTitle "playchess.com"]
[Source "ChessBase"]
[SourceQuality "1"]
[TimeControl "40/5400+30:1800+30"]

1. e4 {[%emt 0:00:00]} e5 {[%emt 0:00:00]} 2. Nf3 {[%emt 0:00:00]} Nc6 {[%emt 0:00:00]} 3. Bb5 {[%emt 0:00:00]} a6 {[%emt 0:00:00]} 4. Ba4 {[%emt 0:00:00]} Nf6 {[%emt 0:00:00]} 5. O-O {[%emt 0:00:00]} Be7 {[%emt 0:00:01]} 6. Re1 {[%emt 0:00:04]} b5 {[%emt 0:00:05]} 7. Bb3 {[%emt 0:00:06]} d6 {[%emt 0:00:11]} 8. c3 {[%emt 0:00:07]} O-O {[%emt 0:00:05]} 9. h3 {[%emt 0:00:03]} Na5 {[%emt 0:00:36]} 10. Bc2 {[%emt 0:00:13]} c5 {[%emt 0:00:02]} 11. d4 {[%emt 0:00:16]} Qc7 {[%emt 0:00:09]} 12. Nbd2 {[%emt 0:04:13]} cxd4 {[%emt 0:00:19]} 13. cxd4 {[%emt 0:00:08]} Nc6 {[%emt 0:00:10]} 14. Nb3 {[%emt 0:02:11]} a5 {[%emt 0:00:58]} 15. a4 {[%emt 0:11:52]} bxa4 {[%emt 0:08:07]} 16. Rxa4 {[%emt 0:00:44]} Nb4 {[%emt 0:02:19]} 17. Bb1 {[%emt 0:00:13]} Bd7 {[%emt 0:02:11]} 18. Ra3 {[%emt 0:00:08]} a4 {[%emt 0:30:08]} 19. Nbd2 {[%emt 0:02:27]} exd4 {[%emt 0:19:18]} 20. Nxd4 {[%emt 0:02:42]} Rfe8 {[%emt 0:00:47]} 21. Rc3 {[%emt 0:12:02]} Qb7 {[%emt 0:04:18]} 22. Qf3 {[%emt 0:09:02]} Bf8 {[%emt 0:12:46]} 23. Ree3 {[%emt 0:13:43]} Nc6 {[%emt 0:08:04]} 24. e5 {[%emt 0:03:57]} dxe5 {[%emt 0:07:55]} 25. Nxc6 {[%emt 0:00:23]} e4 {[%emt 0:00:20]} 26. Nxe4 {[%emt 0:00:38]} Nd5 {[%emt 0:00:55]} 27. Nf6+ {[%emt 0:01:32] normal} 1-0